000
00315nam a2200145Ia 4500
003
OSt
005
20231202043450.0
008
170524s9999 xx 000 0 und d
020
_a
1-86205-372-3
040
_c
iimt
100
_a
Charpentier
245
0
_a
La france gourmande
260
_b
Pavilion
942
_2
ddc
_c
02
999
_c
7176
_d
7176